000 00546nam a22001937a 4500
003 KOHA_MİRAKIL
005 20251104155512.0
008 251104b tu ||||| |||| 00| 0 tur d
020 _a9786257371124
040 _aTR-AnABB
_btur
_cTR-AnABB
041 _atur
082 _a813.42
_bSEL 2021
100 1 _aSelimoğlu, Zeyyat,
245 1 0 _aTutkunun köşeleri /
_cZeyyat Selimoğlu
260 _aİstanbul :
_bEksik Parça Yayınları,
_c2021
300 _a143 sayfa ;
_c21 cm
650 0 4 _aTürk edebiyatı, roman
942 _2ddc
_cBK
999 _c9266
_d9266
900 _bGizem YORULMAZ